The Uganda law reports [2015] 2 U. L. R / (Record no. 40170)
[ view plain ]
| 000 -LEADER | |
|---|---|
| fixed length control field | 01800nam a22001817a 4500 |
| 003 - CONTROL NUMBER IDENTIFIER | |
| control field | OSt |
| 005 - DATE AND TIME OF LATEST TRANSACTION | |
| control field | 20260407072158.0 |
| 008 - FIXED-LENGTH DATA ELEMENTS--GENERAL INFORMATION | |
| fixed length control field | 260407b |||||||| |||| 00| 0 eng d |
| 040 ## - CATALOGING SOURCE | |
| Original cataloging agency | LC |
| Language of cataloging | ENG |
| Transcribing agency | LC |
| Modifying agency | ABK |
| Description conventions | RDA |
| 082 ## - DEWEY DECIMAL CLASSIFICATION NUMBER | |
| Edition number | 23rd ed. |
| Classification number | 348.0496761 |
| Item number | UGA |
| 245 ## - TITLE STATEMENT | |
| Title | The Uganda law reports [2015] 2 U. L. R / |
| Statement of responsibility, etc. | Edited by Rose Kawesa Nalule |
| 260 ## - PUBLICATION, DISTRIBUTION, ETC. | |
| Place of publication, distribution, etc. | Kampala : |
| Name of publisher, distributor, etc. | Law development centre ; |
| Date of publication, distribution, etc. | c2015. |
| 300 ## - PHYSICAL DESCRIPTION | |
| Extent | xxvii, 402 pages ; |
| Dimensions | 24 cm. |
| 505 ## - FORMATTED CONTENTS NOTE | |
| Formatted contents note | TABLE OF CONTENTS <br/>INDEX OF CASES REPORTED. <br/>SUBJECT MATTER INDEX <br/>INDEX OF LEGISLATION CONSIDERED <br/>INDEX OF CASES CITED <br/>DIGESTS & JUDGMENTS. <br/>...//..... <br/>INDEX OF CASES REPORTED <br/>AMOOTI GODFREY NYAKAANA VS NATIONAL <br/>ENVIRONMENT MANAGEMENT AUTHORITY AND 6 <br/>OTHERS (SC)....... <br/>ATTORNEY GENERAL VS GOODMAN AGENCIES LIMITED (SC)..... <br/>BUSIKU THOMAS Vs UGANDA (SC)......... <br/>CENTRE FOR HEALTH, HUMAN RIGHTS AND DEVELOPMENT AND ANOTHER VS ATTORNEY GENERAL (CC)..........<br/>INSPECTOR GENERAL OF GOVERNMENT AND INSPECTORATE <br/>OF GOVERNMENT VS ATTORNEY GENERAL AND 2 <br/>OTHERS (HC)................... <br/>ISMAIL DABULE AND 2 OTHERS VS ATTORNEY GENERAL <br/>AND BANK OF UGANDA (SC)... <br/>JAMES BAHINGUZA AND OTHERS VS ATTORNEY <br/>GENERAL (CA).... <br/>KAMBA SALEH VS THE ATTORNEY GENERAL (CC).......... <br/>MALE H. KIWANUKA AND ANOTHER VS OWERE FRANCO <br/>AND OTHERS (HC).. <br/>....3 <br/>MIFUMI (U) LIMITED AND 12 OTHERS VS ATTORNEY <br/>GENERAL AND KENNETH KAKURU (SC).... <br/>M/S UGANDA SCIENTIFIC RESEARCHERS AND ALLIED <br/>WORKERS' UNION VS UGANDA NATIONAL BUREAU OF STANDARDS AND 2 OTHERS (HC)... <br/>.....3! <br/>THEODORE SSEKIKUBO AND 4 OTHERS V/S ATTORNEY GENERAL <br/>AND 4 OTHERS (SC).... <br/>TWINOMUGISHA MOSES VS RIFT VALLEY RAILWAYS (U) <br/>LIMITED (HC)...... |
| 650 ## - SUBJECT ADDED ENTRY--TOPICAL TERM | |
| Topical term or geographic name entry element | Uganda law reports |
| 9 (RLIN) | 67647 |
| 700 ## - ADDED ENTRY--PERSONAL NAME | |
| Personal name | Nalule, Rose Kawesa (ed.) |
| 9 (RLIN) | 67670 |
| 942 ## - ADDED ENTRY ELEMENTS (KOHA) | |
| Source of classification or shelving scheme | Dewey Decimal Classification |
| Koha item type | Book |
| Withdrawn status | Lost status | Source of classification or shelving scheme | Damaged status | Not for loan | Home library | Current library | Date acquired | Total Checkouts | Full call number | Barcode | Date last seen | Price effective from | Koha item type |
|---|---|---|---|---|---|---|---|---|---|---|---|---|---|
| Dewey Decimal Classification | Law Library | Law Library | 07/04/2026 | 348.0496761 UGA | 14931 | 07/04/2026 | 07/04/2026 | Book |